000 00728nam a2200217Ia 4500
005 20240530102433.0
008 140319s xx 000 0 ara d
040 _aGCL /
_cGCL
082 0 4 _a415.1 /
_bم ح
100 1 _aمحمود سعد
245 1 0 _aحروف المعانى :
_bبين دقائق النحو ولطائف الفقة /
_cمحمود سعد
260 _aالاسكندرية :
_bمنشأة المعارف ،
_c1988
300 _a511 ص
490 _aسلسلة المباحث الاصولية النحوية
_v0
650 0 4 _aالنحو
650 0 4 _aاللغة العربية
650 0 4 _aالصرف
650 0 4 _aالتعريب
942 _2ddc
_cBK
999 _c32230
_d32230